Descripción e historia del Paraguay y del Río de la Plata. Obra póstuma de don Félix de Azara, brigadier de la Real Armada, y autor de las obras tituladas Apuntes para la historia de los cuadrúpedos y pájaros del Paraguay, y de otras. La publica su sobrino y heredero el señor don Agustín de Azara, Marqués de Nibbiano, caballero de la Orden de Carlos III, &c. &c. bajo la dirección dedDon Basilio Sebastián Castellanos de Losada, caballero de las Ordenes de Isabel la Católica, y de San Genaro. Anticuario de la Biblioteca Nacional, etc., etc., autor de varias obras literarias, de la biografía de dicho autor con que concluye la obra y de las notas que la ilustran. Tomo I-II
সংরক্ষণ করুন:
| প্রধান লেখক: | |
|---|---|
| বিন্যাস: | গ্রন্থ |
| ভাষা: | স্প্যানিশ |
| প্রকাশিত: |
Madrid
Imprenta de Sanchiz, calle de Jardines, número 36
1847
|
| সংস্করন: | 1a. ed |
| বিষয়গুলি: | |
| ট্যাগগুলো: |
ট্যাগ যুক্ত করুন
কোনো ট্যাগ নেই, প্রথমজন হিসাবে ট্যাগ করুন!
|
MARC
| LEADER | 00000nam a2200000 a 4500 | ||
|---|---|---|---|
| 001 | UCJ6347 | ||
| 003 | CL-VaPUC | ||
| 008 | 070124e18470000SP |||||||||||||||||spa|d | ||
| 082 | 0 | 4 | |a 989 |b AZA |2 21 |
| 100 | |a Azara, Félix de |e author |9 514043 | ||
| 245 | 1 | 0 | |a Descripción e historia del Paraguay y del Río de la Plata. Obra póstuma de don Félix de Azara, brigadier de la Real Armada, y autor de las obras tituladas Apuntes para la historia de los cuadrúpedos y pájaros del Paraguay, y de otras. La publica su sobrino y heredero el señor don Agustín de Azara, Marqués de Nibbiano, caballero de la Orden de Carlos III, &c. &c. bajo la dirección dedDon Basilio Sebastián Castellanos de Losada, caballero de las Ordenes de Isabel la Católica, y de San Genaro. Anticuario de la Biblioteca Nacional, etc., etc., autor de varias obras literarias, de la biografía de dicho autor con que concluye la obra y de las notas que la ilustran. Tomo I-II |
| 250 | |a 1a. ed | ||
| 300 | |a 2 v | ||
| 942 | |c BK | ||
| 945 | |d 20070124 00:00:00 |a rinostro | ||
| 260 | |a Madrid |b Imprenta de Sanchiz, calle de Jardines, número 36 |c 1847 | ||
| 500 | |a Vol. I: 4§, media pasta.- Anteport.- v. en b.- Port.- v. en b.- Front.. Retrato de Don Félix de Azara con reproducción de su firma.- Vol. II: idem, excepto el retrato del autor | ||
| 600 | 0 | 7 | |a AYOLAS, JUAN DE |2 CL-VaPUC |9 512898 |
| 600 | 0 | 7 | |a MENDOZA, PEDRO DE |2 CL-VaPUC |9 512899 |
| 600 | 0 | 7 | |a MARTINEZ DE IRALA |2 CL-VaPUC |9 512900 |
| 600 | 0 | 7 | |a DOMINGO |2 CL-VaPUC |9 512901 |
| 650 | 0 | |a Historia |9 255047 | |
| 650 | 0 | |a Geografía |9 259346 | |
| 650 | 7 | |a BIOGRAFIA |2 CL-VaPUC |9 504622 | |
| 650 | 0 | |a Recursos naturales |9 255232 | |
| 650 | 7 | |a FLORA |2 CL-VaPUC |9 264745 | |
| 650 | 7 | |a FAUNA |2 CL-VaPUC |9 349523 | |
| 650 | 0 | |a Aborígenes |9 329972 | |
| 650 | 0 | |a Misioneros |9 324171 | |
| 650 | 0 | |a Jesuitas |9 268366 | |
| 650 | 0 | |a Colonización |9 265172 | |
| 650 | 0 | |a Iglesia Católica |9 256114 | |
| 650 | 7 | |a DOCUMENTOS |2 CL-VaPUC |9 366450 | |
| 650 | 0 | |a Iconografía |9 267998 | |
| 651 | 0 | |a Paraguay |9 255336 | |
| 651 | 7 | |a BUENOS AIRES |2 CL-VaPUC |9 255286 | |
| 651 | 7 | |a TUCUMAN |2 CL-VaPUC |9 357006 | |
| 651 | 0 | |a Córdoba |9 267665 | |
| 583 | |a last modification |c 20120606 02:58:23 |k Rodrigo Vera | ||
| 999 | |c 322455 |d 322453 | ||
| 952 | |0 0 |1 0 |4 0 |6 989_000000000000000_AZA_1847 |7 0 |8 X |9 401451 |a FDOBUD |b FDOBUD |d 2019-11-22 |h v.1 |i 1047019 |o 989 AZA 1847 |p 1047019 |r 2019-11-22 |w 2019-11-22 |y BK_X |k BUD | ||
| 952 | |0 0 |1 0 |4 0 |6 989_000000000000000_AZA_1847 |7 0 |8 X |9 401452 |a FDOBUD |b FDOBUD |d 2019-11-22 |h v.2 |i 1047027 |o 989 AZA 1847 |p 1047027 |r 2019-11-22 |w 2019-11-22 |y BK_X |k BUD | ||